000 00888nam a2200229 i 4500
001 53939
003 ES-MaACL
005 20251004063108.0
007 t|
008 960710s1893 sp |||| | spa d
100 1 _aFerrán, Augusto,
_d1835-1880
_950231
245 1 0 _aObras completas de Augusto Ferrán /
_cprólogo de Gustavo A. Bécquer.
260 _aMadrid :
_bLa España Moderna,
_c[1893] (
_fAgustín Avrial)
300 _a290, [12] p. ;
_c17 cm.
490 1 _aColección de libros escogidos ;
_v92
500 _aFecha tomada de las páginas editoriales.
505 8 _aContiene: La soledad ; La pereza ; El puñal ; Una inspiración alemana ; Epitafio de una joven ; Cantares del pueblo
700 1 _aBécquer, Gustavo Adolfo,
_d1836-1870
_926974
830 0 _aColección de libros escogidos ;
_v92
_9181858
852 _aES-MaACL
_jA-4705
999 _c53939
_d53939